Методика создания конечно-элементной модели и расчета крупногабаритного трансформируемого сетчатого рефлектора космического аппарата; "Орбита молодёжи" и перспективы развития российской космонавтики

Detalhes bibliográficos
Parent link:"Орбита молодёжи" и перспективы развития российской космонавтики.— 2017.— [С. 109-110]
Autor principal: Голдобин Н. Н.
Outros Autores: Евдокимов А. С. (научный руководитель), Шендалев Д. О.
Resumo:Заглавие с экрана
Idioma:russo
Publicado em: 2017
Colecção:Целевая аппаратура космических аппаратов, системные и проектно-конструкторские решения космических аппаратов различного назначения
Assuntos:
Acesso em linha:http://earchive.tpu.ru/handle/11683/44789
Formato: Recurso Electrónico Capítulo de Livro
KOHA link:https://koha.lib.tpu.ru/cgi-bin/koha/opac-detail.pl?biblionumber=625001

MARC

LEADER 00000naa2a2200000 4500
001 625001
005 20231101133336.0
035 |a (RuTPU)RU\TPU\conf\24261 
090 |a 625001 
100 |a 20171205d2017 k y0rusy50 ca 
101 0 |a rus 
102 |a RU 
105 |a y z 101zy 
135 |a drgn ---uucaa 
181 0 |a i  
182 0 |a b 
200 1 |a Методика создания конечно-элементной модели и расчета крупногабаритного трансформируемого сетчатого рефлектора космического аппарата  |f Н. Н. Голдобин, А. С. Евдокимов  |g науч. рук. Д. О. Шендалев 
203 |a Текст  |c электронный 
225 1 |a Целевая аппаратура космических аппаратов, системные и проектно-конструкторские решения космических аппаратов различного назначения 
230 |a 1 компьютерный файл (pdf; 148 Кб) 
300 |a Заглавие с экрана 
320 |a [Библиогр.: с. 110 (3 назв.)] 
463 0 |0 (RuTPU)RU\TPU\conf\23829  |t "Орбита молодёжи" и перспективы развития российской космонавтики  |o сборник докладов Всероссийской молодёжной научно-практической конференции, г. Томск, 18-22 сентября 2017 г.  |f Российская Федерация, Федеральное космическое агентство (Роскосмос) ; Национальный исследовательский Томский политехнический университет (ТПУ) ; Российская академия наук (РАН), Сибирское отделение (СО), Институт физики прочности и материаловедения (ИФПМ) ; Полюс  |v [С. 109-110]  |d 2017 
610 1 |a электронный ресурс 
610 1 |a методики 
610 1 |a создание 
610 1 |a конечно-элементное моделирование 
610 1 |a крупногабаритные аппараты 
610 1 |a трансформирующие устройства 
610 1 |a сетчатая структура 
610 1 |a рефлекторы 
610 1 |a космические аппараты 
700 1 |a Голдобин  |b Н. Н. 
701 1 |a Евдокимов  |b А. С. 
702 1 |a Шендалев  |b Д. О.   |4 727 
801 2 |a RU  |b 63413507  |c 20171208  |g RCR 
856 4 |u http://earchive.tpu.ru/handle/11683/44789 
942 |c BK